• 首页
  • 本馆介绍
  • 公告通知
  • 最新文献
  • 馆藏检索
  • 电子资源
  • 读者导购
  • 参考咨询
  • 我的图书馆
  • 登录
  • 详细信息显示
  • 放入我的书架
  • 预约/预借图书
  • 作者相关作品
  • 分类相关作品
  • 丛书相关作品
  • 出版社相关作品

书目信息

  • 表格格式
  • 工作单格式
  • 卡片格式
题名:
绘画透视
    
 
作者: ;浙江美术学院绘画教材编写组 编
分册:  
出版信息: 天津   天津人民美术出版社  1977
页数: 215页
开本: 21cm
丛书名:
单 册:
中图分类: J206.2
科图分类:
主题词: 绘画透视
电子资源:
ISBN:
000 00686nam0 2200229 45
001 0177001323
005 20060819102415.26
010    @dCNY0.65
091    @a8073.50055
100    @a19950926d1977 em y0chiy0121 ea
101 0  @achi
102    @aCN@b120000
105    @af z 000yy
200 10 @a绘画透视@AHui Hua Tou Shi@f浙江美术学院绘画教材编写组编
210    @a天津@c天津人民美术出版社@d1977
215    @a215页@c图表@d21cm
606    @a绘画透视
690    @aJ206.2@v3
711 02 @a浙江美术学院绘画教材编写组@AZhe Jiang Mei Shu Xue Yuan Hui Hua Jiao Cai Bian Xie Zu@4编
801  2 @aCN@bNLC@c20060819
801  0 @aCN@b广东省中山图书馆@c20031221
905    @f1@b7560@dJ206.2@e369
    
    绘画透视/浙江美术学院绘画教材编写组编.-天津:天津人民美术出版社,1977
    215页:图表;21cm
    
    
    ISBN :CNY0.65
    
●
相关链接 在E读中查询图书 在五车中查询图书 在当当中查询图书 在豆瓣中查询图书


正题名:绘画透视     索取号:J206.2/369         预约/预借

序号 登录号 条形码 馆藏地/架位号 状态 备注
1 0007560   001863889   密集书库/ [索取号:J206.2/369] 在馆    
2 0466651   204666511   密集书库/ [索取号:J206.2/369] 在馆    
唐山师范学院图书馆 欢迎您!
大连网信软件有限公司© 版权所有